书目信息 |
| 题名: |
再读胡适
|
|
| 作者: | 欧阳哲生 编 | |
| 分册: | 中 | |
| 出版信息: | 北京 大众文艺出版社 2006 |
|
| 页数: | 175~373页 | |
| 开本: | 21cm | |
| 丛书名: | 中国当代文化现象 | |
| 单 册: | ||
| 中图分类: | C52 , K825.4=72 | |
| 科图分类: | ||
| 主题词: | ||
| 电子资源: | ||
| ISBN: | 7-80094-978-8 | |
| 000 | 00997oam2 2200301 45 | |
| 001 | 012006092501 | |
| 005 | 20070708145455.68 | |
| 010 | @a7-80094-978-8@dCNY90.00(上中下) | |
| 092 | @aCN@b505329 | |
| 100 | @a20060925d2006 em y0chiy0120 ea | |
| 101 | 0 | @achi |
| 102 | @aCN@b110000 | |
| 105 | @ay z 000yd | |
| 200 | 1 | @a再读胡适@Azai du hu shi@h中@f欧阳哲生编@Fou yang zhe sheng bian |
| 205 | @a2版 | |
| 210 | @a北京@c大众文艺出版社@d2006 | |
| 215 | @a175~373页@d21cm | |
| 225 | 2 | @a中国当代文化现象 |
| 330 | @a本书分上、下两编,上编主要包括易卜生主义、少年中国之精神、杜威论思想等胡适的作品;下编主要包括《胡适文选》指导大概,胡适与鲁迅等纪念、评论胡适的文章。 | |
| 461 | 0 | @12001 @a中国当代文化现象 |
| 600 | 0 | @a胡适@f(1891~1962)@j文集 |
| 600 | 0 | @a胡适@f(1891~1962)@x人物研究 |
| 600 | 0 | @a胡适@f(1891~1962) |
| 690 | @aC52@v4 | |
| 690 | @aK825.4=72@v4 | |
| 701 | 0 | @a欧阳哲生@Aou yang zhe sheng@4编 |
| 801 | 0 | @aCN@bLZJBOOK@c20070708 |
| 905 | @a10447@dC52@e219:2=2 | |
| 再读胡适.中/欧阳哲生编.-2版.-北京:大众文艺出版社,2006 |
| 175~373页;21cm.-(中国当代文化现象) |
| ISBN 7-80094-978-8:CNY90.00(上中下) |
| 本书分上、下两编,上编主要包括易卜生主义、少年中国之精神、杜威论思想等胡适的作品;下编主要包括《胡适文选》指导大概,胡适与鲁迅等纪念、评论胡适的文章。 |
| ● |
| 相关链接 |
|
|
|
|
正题名:再读胡适
索取号:C52/219:2=2
 
预约/预借
| 序号 | 登录号 | 条形码 | 馆藏地/架位号 | 状态 | 备注 |
| 1 | 0564726 | 205647264 | 第一样本阅览室/ [索取号:C52/219:2=2] | 在馆 | |
| 2 | 0564727 | 205647273 | 第一借阅区/ [索取号:C52/219:2=2] | 在馆 | |
| 3 | 0564728 | 205647282 | 第一借阅区/ [索取号:C52/219:2=2] | 在馆 | |
| 4 | 0564729 | 205647291 | 第一借阅区/ [索取号:C52/219:2=2] | 在馆 | |
| 5 | 0564730 | 205647308 | 第一借阅区/ [索取号:C52/219:2=2] | 在馆 | |
| 6 | 0564731 | 205647317 | 第一借阅区/ [索取号:C52/219:2=2] | 在馆 |